000 00974cab a2200277 4500
001 ABS55866
008 090401t1996 xxu||||| |||| 00| 0 eng d
035 _a(Sirsi) u19250
041 _aeng
100 _aMilsom, R.
245 _aDamage limitation
260 _c1996
350 _a0
490 _aMortgage Finance
_v228(1567) September 1996, 18-19(2)
520 _aThis article examines the decision in "Banque Bruxelles Lambert v Eagle Star Insurance" which makes it much harder for lenders to predict the amount of damages they can recover from negligent solicitors. Relevant case law.
650 _aBANQUE BRUXELLES LAMBERT V EAGLE STAR INSURANCE
650 _aBRISTOL AND WEST V MOTHEW
650 _aNEGLIGENCE
650 _aOVER VALUATION
650 _aPLATFORM HOMES LTD V OYSTON SHIPWAYS LTD
650 _aSOLICITORS
650 _aVALUERS
690 _aMANAGEMENT-BUSINESS MANAGEMENT-PROFESSIONAL PRACTICE
942 _n0
948 _c04/03/1997
999 _c12833
_d12833